[Event "ETCC Plovdiv 2003"]
[Site "Plovdiv"]
[Date "2003.10.13"]
[Round "3.13"]
[White "Arlandi, Ennio"]
[Black "Delchev, Aleksander"]
[Result "0-1"]
[WhiteElo "2438"]
[BlackElo "2603"]
[PlyCount "110"]
[EventDate "2003.10.13"]

1. d4 Nf6 2. c4 e6 3. Nc3 Bb4 4. Qc2 c5 5. dxc5 O-O 6. a3 Bxc5 7. Nf3 b6 8. Bg5
Bb7 9. e4 h6 10. Bh4 Be7 11. Be2 d6 12. Rd1 Nbd7 13. O-O Qc7 14. Nd4 a6 15. f4
Rfe8 16. Bg3 Rac8 17. Rfe1 Qb8 18. Nb3 e5 19. f5 b5 20. Nd2 Bc6 21. Qb1 Bd8 22.
Nd5 Bxd5 23. cxd5 Bb6+ 24. Kh1 Qa7 25. Rc1 Be3 26. Rxc8 Rxc8 27. Nf1 Bf2 28.
Rd1 h5 29. Bf3 Bxg3 30. Nxg3 h4 31. Ne2 Qe3 32. h3 Rc4 33. Rd3 Qf2 34. Rc3 Rxc3
35. Nxc3 Qd2 36. Na2 Nc5 37. Nb4 a5 38. Nc6 Nd3 39. Nxa5 Ne1 40. Nb3 Qf2 41.
Qd1 Nh5 42. Nd2 Ng3+ 43. Kh2 Qxd2 44. Qxd2 Nf1+ 45. Kg1 Nxd2 46. Be2 Nb3 47.
Bxb5 Nc2 48. Kf2 Kf8 49. Ba4 Ncd4 50. Bxb3 Nxb3 51. Kf3 Ke7 52. Kg4 Nc5 53.
Kxh4 Nxe4 54. a4 Kd7 55. g4 f6 0-1

[Event "ETCC Plovdiv 2003"]
[Site "Plovdiv"]
[Date "2003.10.13"]
[Round "3.13"]
[White "Spasov, Vasil"]
[Black "Belotti, Bruno"]
[Result "1-0"]
[WhiteElo "2543"]
[BlackElo "2426"]
[PlyCount "146"]
[EventDate "2003.10.13"]

1. e4 d5 2. exd5 Qxd5 3. Nc3 Qa5 4. d4 Nf6 5. Bd2 c6 6. Nf3 Bf5 7. Bc4 e6 8.
Ne4 Qc7 9. Nxf6+ gxf6 10. Qe2 Nd7 11. O-O-O O-O-O 12. Nh4 Bg6 13. c3 Nb6 14.
Bb3 c5 15. Nxg6 hxg6 16. dxc5 Bxc5 17. g3 Qc6 18. f3 Nd5 19. Kb1 Qb6 20. Bc1
Ne3 21. Rde1 Nd5 22. Rd1 Ne3 23. Rxd8+ Rxd8 24. Re1 Nd5 25. Rd1 Ne3 26. Rd3
Rxd3 27. Qxd3 Qd8 28. Qb5 Bb6 29. Ba4 Nf5 30. a3 a6 31. Qb4 Qd6 32. Qxd6 Nxd6
33. g4 Bf2 34. Kc2 e5 35. Kd3 Kc7 36. Bb3 Kc6 37. a4 b5 38. Bh6 Bh4 39. Bf8 f5
40. Bxd6 Kxd6 41. Bxf7 fxg4 42. fxg4 g5 43. a5 Kc7 44. Bd5 Be1 45. Bf3 Bf2 46.
Ke4 Be1 47. Be2 Bh4 48. Kxe5 Kc6 49. Bf3+ Kc7 50. Kd5 Be1 51. Be2 Bf2 52. h3
Kb7 53. Kd6 Bg3+ 54. Kc5 Bf2+ 55. Kd5 Kc7 56. Bd3 Kb7 57. Bg6 Kc7 58. Be8 Kb7
59. Kd6 Bg3+ 60. Kc5 Bf2+ 61. Kb4 Kc7 62. Bxb5 axb5 63. Kxb5 Be1 64. c4 Bd2 65.
b3 Be1 66. b4 Bd2 67. a6 Be1 68. c5 Kb8 69. Kb6 Bf2 70. b5 Be3 71. Kc6 Ka7 72.
Kd6 Bf2 73. c6 Bb6 1-0

[Event "ETCC Plovdiv 2003"]
[Site "Plovdiv"]
[Date "2003.10.13"]
[Round "3.13"]
[White "D'Amore, Carlo"]
[Black "Cheparinov, Ivan"]
[Result "1/2-1/2"]
[WhiteElo "2435"]
[BlackElo "2531"]
[PlyCount "66"]
[EventDate "2003.10.13"]

1. Nf3 c5 2. g3 Nc6 3. Bg2 g6 4. c3 Bg7 5. d4 cxd4 6. cxd4 d5 7. O-O e6 8. Nc3
Nge7 9. e3 O-O 10. Ne2 b6 11. b3 Ba6 12. Ba3 Qd7 13. Qd2 Rfd8 14. Rfd1 Nf5 15.
Rac1 Nd6 16. Nf4 Rac8 17. Qe1 Rc7 18. h4 Ne4 19. Nd2 Nf6 20. Nf3 Rdc8 21. Bf1
Bxf1 22. Qxf1 Ne4 23. Kg2 f6 24. Nd2 Nd6 25. Rc2 Bh6 26. Bxd6 Qxd6 27. Nd3 Ne7
28. Rxc7 Rxc7 29. Rc1 Nf5 30. Nf3 Qd7 31. g4 Nd6 32. g5 Bg7 33. gxf6 Bxf6
1/2-1/2

[Event "ETCC Plovdiv 2003"]
[Site "Plovdiv"]
[Date "2003.10.13"]
[Round "3.13"]
[White "Radulski, Julian"]
[Black "Borgo, Giulio"]
[Result "1-0"]
[WhiteElo "2475"]
[BlackElo "2419"]
[PlyCount "171"]
[EventDate "2003.10.13"]

1. e4 c5 2. Nf3 e6 3. d4 cxd4 4. Nxd4 a6 5. Nc3 Nc6 6. Nxc6 bxc6 7. Bd3 d5 8.
O-O Nf6 9. Qe2 Be7 10. e5 Nd7 11. Na4 Nb6 12. Nxb6 Qxb6 13. c4 dxc4 14. Bxc4
O-O 15. Be3 c5 16. Rac1 Bb7 17. f4 a5 18. Rc3 g6 {Diagram #} 19. f5 exf5 20.
Bh6 Rfd8 21. e6 f6 22. Rxf5 Ba6 23. Rf1 Rd4 24. b3 Bxc4 25. Rxc4 Rad8 26. Bc1
Qd6 27. Re1 Qd5 28. Rc2 a4 29. bxa4 Rxa4 30. a3 Rd4 31. Bb2 Rd2 32. Rxd2 Qxd2
33. Qxd2 Rxd2 34. Bc1 Rd6 35. Kf2 h5 36. Kf3 Kf8 37. h3 Ra6 38. g4 hxg4+ 39.
hxg4 Bd6 40. Ke4 c4 41. g5 Be7 42. Kd5 c3 43. gxf6 Bxf6 44. Rh1 Ra5+ 45. Kd6
Be7+ 46. Kc6 Ra6+ 47. Kd5 Rd6+ 48. Ke5 c2 49. Rh8+ Kg7 50. Re8 Rd1 51. Rxe7+
Kf8 52. Rf7+ Ke8 53. Bg5 c1=Q 54. Bxc1 Rxc1 55. Kf6 Rf1+ 56. Kxg6 Rg1+ 57. Kf6
Rf1+ 58. Ke5 Re1+ 59. Kd5 Rd1+ 60. Kc5 Re1 61. Kb5 Rb1+ 62. Ka5 Re1 63. Rf6 Ke7
64. Rh6 Re5+ 65. Kb6 Re4 66. Kb5 Re5+ 67. Kb6 Re4 68. Kb5 Re5+ 69. Kc6 Ra5 70.
Rh3 Ra6+ 71. Kc7 Rxe6 72. a4 Re1 73. Rc3 Ra1 74. Re3+ Kf6 75. Re4 Rc1+ 76. Kd6
Rd1+ 77. Kc5 Rc1+ 78. Kb5 Rb1+ 79. Ka6 Rd1 80. a5 Rd6+ 81. Kb7 Rd7+ 82. Kc6 Rd1
83. a6 Rc1+ 84. Kb5 Rb1+ 85. Rb4 Ra1 86. Kb6 1-0

[Event "ETCC Plovdiv 2003"]
[Site "Plovdiv"]
[Date "2003.10.13"]
[Round "3.14"]
[White "Lalic, Bogdan"]
[Black "Kanep, Meelis"]
[Result "1/2-1/2"]
[WhiteElo "2503"]
[BlackElo "2452"]
[PlyCount "82"]
[EventDate "2003.10.13"]

1. d4 d5 2. c4 c6 3. Nf3 Nf6 4. Nc3 a6 5. c5 Nbd7 6. Bf4 Nh5 7. e3 g6 8. Bd3
Bg7 9. O-O O-O 10. h3 Nxf4 11. exf4 b6 12. cxb6 Qxb6 13. Na4 Qa7 14. Qc2 Bxd4
15. Qxc6 Bf6 16. Qxd5 Bb7 17. Qxd7 Rfd8 18. Qc7 Bxf3 19. Qxa7 Rxa7 20. Bc4 Bc6
21. Nc3 Rd4 22. Bb3 Rxf4 23. Rac1 Rf5 24. Rfd1 Rg5 25. Nd5 Bxd5 26. Rxd5 Rxd5
27. Bxd5 Rd7 28. Rd1 e6 29. Bf3 Rxd1+ 30. Bxd1 Bxb2 31. h4 Kg7 32. f4 Kf6 33.
Kf2 Ke7 34. Kf3 Kd6 35. Be2 a5 36. a4 Kd5 37. g3 Bc3 38. Bb5 f6 39. Be8 Kd6 40.
Bb5 Be1 41. Bc4 Ke7 1/2-1/2

[Event "ETCC Plovdiv 2003"]
[Site "Plovdiv"]
[Date "2003.10.13"]
[Round "3.14"]
[White "Levitt, Jonathan"]
[Black "Sepp, Olav"]
[Result "1/2-1/2"]
[WhiteElo "2423"]
[BlackElo "2429"]
[PlyCount "59"]
[EventDate "2003.10.13"]

1. d4 Nf6 2. c4 g6 3. Nc3 Bg7 4. e4 d6 5. f3 O-O 6. Be3 c5 7. Nge2 Nc6 8. d5
Ne5 9. Ng3 e6 10. Be2 exd5 11. cxd5 a6 12. O-O b5 13. Qd2 h5 14. a3 Nh7 15. b4
Nd7 16. Bd3 Re8 17. Rac1 Bb7 18. Nge2 Rc8 19. Rb1 cxb4 20. axb4 Ne5 21. Nd4 Re7
22. Rfc1 Rec7 23. Nce2 Rxc1+ 24. Rxc1 Nf8 25. Nb3 Rxc1+ 26. Nexc1 Qc7 27. Ne2
Nfd7 28. Bd4 Nxd3 29. Qxd3 Ne5 30. Qd2 1/2-1/2

[Event "ETCC Plovdiv 2003"]
[Site "Plovdiv"]
[Date "2003.10.13"]
[Round "3.15"]
[White "Hector, Jonny"]
[Black "Van Der Stricht, Geert"]
[Result "1-0"]
[WhiteElo "2515"]
[BlackElo "2468"]
[PlyCount "109"]
[EventDate "2003.10.13"]

1. e4 c5 2. Nf3 d6 3. d4 cxd4 4. Nxd4 Nf6 5. Nc3 a6 6. Bg5 e6 7. f4 Nbd7 8. Qf3
Qc7 9. O-O-O b5 10. Bxf6 Nxf6 11. e5 Bb7 12. Qe3 dxe5 13. Ncxb5 Qb6 14. fxe5
Nd5 15. Qg3 O-O-O 16. Na3 Bxa3 17. Qxa3 Nb4 18. Bc4 Rxd4 19. Rxd4 Qxd4 20. Qxb4
Rd8 21. Qc3 Qxc3 22. bxc3 Kc7 23. Rf1 Rd7 24. g3 Kb6 25. Rf4 a5 26. Bd3 g6 27.
Kd2 Bc6 28. Rh4 h5 29. Rf4 Rc7 30. Rd4 Rc8 31. h4 Bd5 32. a3 Rc5 33. Rf4 Rc7
34. Rf1 Kc5 35. Rb1 Bc6 36. Ke3 Kd5 37. Kf4 Ba4 38. Rd1 Kc5 39. Kg5 Rb7 40. Kf6
Be8 41. Be4 Rb8 42. Rd4 Rc8 43. Ke7 Rb8 44. Bd3 Ra8 45. Rd6 Rb8 {Diagram #} 46.
Ra6 a4 47. Rd6 Ra8 48. Be4 Rb8 49. Rd8 Rxd8 50. Kxd8 Bc6 51. Bxc6 Kxc6 52. Ke7
Kd5 53. Kf6 Ke4 54. c4 Kd4 55. c5 1-0

[Event "ETCC Plovdiv 2003"]
[Site "Plovdiv"]
[Date "2003.10.13"]
[Round "3.15"]
[White "Cekro, Ekrem"]
[Black "Hellsten, Johan"]
[Result "1-0"]
[WhiteElo "2433"]
[BlackElo "2534"]
[PlyCount "64"]
[EventDate "2003.10.13"]

1. c4 e5 2. g3 Nc6 3. Bg2 Nf6 4. Nc3 Bc5 5. a3 a6 6. e3 O-O 7. Nge2 Re8 8. O-O
d6 9. h3 Ba7 10. d4 exd4 11. exd4 h6 12. b4 Ne7 13. a4 c6 14. a5 Be6 15. Qd3
Bf5 16. Qd1 d5 17. c5 Qd7 18. g4 Be4 19. f3 Bh7 20. Bf4 Ng6 21. Bg3 Bb8 22. f4
Nf8 23. f5 Bxg3 24. Nxg3 Qc7 25. Qd3 Ne6 26. Rf3 Ng5 27. Re3 Rxe3 28. Qxe3 Re8
29. Qf2 g6 30. Re1 Rxe1+ 31. Qxe1 gxf5 32. gxf5 Qf4 {
impossible to read the end..} 1-0

[Event "ETCC Plovdiv 2003"]
[Site "Plovdiv"]
[Date "2003.10.13"]
[Round "3.15"]
[White "Claesen, Pieter"]
[Black "Brynell, Stellan"]
[Result "1/2-1/2"]
[WhiteElo "2382"]
[BlackElo "2462"]
[PlyCount "65"]
[EventDate "2003.10.13"]

1. c4 Nf6 2. Nc3 e5 3. Nf3 Nc6 4. d4 exd4 5. Nxd4 Bb4 6. g3 Ne4 7. Qd3 Nxd4 8.
Qxe4+ Ne6 9. Bd2 a5 10. Bg2 O-O 11. O-O Re8 12. Rae1 c6 13. Kh1 Bf8 14. Qc2 Nc5
15. e4 d6 16. Be3 Be6 17. Rd1 Qc7 18. Qe2 a4 19. Rfe1 Qa5 20. Bd4 Qb4 21. Bf1
Nd7 22. f4 f6 23. Nb1 Nc5 24. Bc3 Qb6 25. Bg2 Qa6 26. Nd2 Bf7 27. Qf1 Bg6 28.
Re3 Rad8 29. Rde1 Qb6 30. Bd4 Qb4 31. Bc3 Qb6 32. Bd4 Qb4 33. Bc3 1/2-1/2

[Event "ETCC Plovdiv 2003"]
[Site "Plovdiv"]
[Date "2003.10.13"]
[Round "3.17"]
[White "Haznedaroglu, Kivanc"]
[Black "Volkmann, Friedrich"]
[Result "0-1"]
[WhiteElo "2305"]
[BlackElo "2452"]
[PlyCount "64"]
[EventDate "2003.10.13"]

1. e4 e5 2. Nf3 Nc6 3. Bb5 a6 4. Ba4 Nf6 5. O-O Bc5 6. d3 d6 7. c3 b5 8. Bb3
Bb7 9. Re1 Bb6 10. a4 O-O 11. Na3 h6 12. Ba2 b4 13. Nc4 Ba7 14. Ne3 bxc3 15.
bxc3 Ne7 16. Nh4 Bc8 17. Qf3 Be6 18. Nef5 Nxf5 19. Nxf5 Kh7 20. g4 Ng8 21. g5
g6 22. Bb1 Rb8 23. Bc2 gxf5 24. exf5 Bb3 25. Bxb3 Rxb3 26. f6 Nxf6 27. gxf6
Rg8+ 28. Kh1 Rg6 29. Qd5 Qxf6 30. Be3 Bxe3 31. fxe3 Rb2 32. Qe4 Qf2 0-1

[Event "ETCC Plovdiv 2003"]
[Site "Plovdiv"]
[Date "2003.10.13"]
[Round "3.18"]
[White "Thorhallsson, Throstur"]
[Black "Shaw, John"]
[Result "1/2-1/2"]
[WhiteElo "2444"]
[BlackElo "2465"]
[PlyCount "31"]
[EventDate "2003.10.13"]

1. e4 c5 2. Nf3 Nc6 3. c3 d5 4. exd5 Qxd5 5. d4 Bg4 6. Be2 cxd4 7. cxd4 e6 8.
Nc3 Qa5 9. O-O Nf6 10. h3 Bh5 11. Be3 Bd6 12. a3 O-O 13. Qb3 Ne7 14. Bd2 Qb6
15. Qxb6 axb6 16. Rac1 1/2-1/2

[Event "ETCC Plovdiv 2003"]
[Site "Plovdiv"]
[Date "2003.10.13"]
[Round "3.18"]
[White "Berry, Neil"]
[Black "Thorfinnsson, Bragi"]
[Result "1/2-1/2"]
[WhiteElo "2300"]
[BlackElo "2388"]
[PlyCount "53"]
[EventDate "2003.10.13"]

1. Nf3 Nf6 2. c4 b6 3. g3 Bb7 4. Bg2 e6 5. Nc3 c5 6. O-O Be7 7. Re1 d6 8. e4 a6
9. d4 cxd4 10. Nxd4 Qc7 11. Be3 Nbd7 12. f4 O-O 13. Rc1 Rfe8 14. g4 g6 15. g5
Nh5 16. Qg4 Bf8 17. Nde2 Nc5 18. Red1 Rac8 19. Bf3 f5 20. gxf6 Nxf6 21. Qg2 Bg7
22. Bf2 Kh8 23. Bg3 Nh5 24. Qh3 Nf6 25. Qg2 Nh5 26. Qh3 Nf6 27. Qg2 1/2-1/2

[Event "ETCC Plovdiv 2003"]
[Site "Plovdiv"]
[Date "2003.10.13"]
[Round "3.2"]
[White "Lutz, Christopher"]
[Black "Smirin, Ilia"]
[Result "1/2-1/2"]
[WhiteElo "2613"]
[BlackElo "2670"]
[PlyCount "58"]
[EventDate "2003.10.13"]

1. e4 c5 2. Nf3 d6 3. d4 cxd4 4. Nxd4 Nf6 5. Nc3 a6 6. Be3 Nc6 7. f3 e5 8. Nb3
Be6 9. Nd5 Bxd5 10. exd5 Ne7 11. c4 g6 12. Bd3 Bg7 13. O-O O-O 14. Nc1 b5 15.
cxb5 axb5 16. Bxb5 Rb8 17. Bc4 Rxb2 18. Nb3 Nf5 19. Bc1 Qb6+ 20. Kh1 Rf2 21.
Bd2 Rc8 22. Rc1 e4 23. Rxf2 Qxf2 24. Qg1 e3 25. Qxf2 exf2 26. Be2 Re8 27. Bb5
Re5 28. g3 Nxd5 29. Kg2 Nfe3+ 1/2-1/2

[Event "ETCC Plovdiv 2003"]
[Site "Plovdiv"]
[Date "2003.10.13"]
[Round "3.4"]
[White "Moiseenko, Alexander"]
[Black "Markowski, Tomasz"]
[Result "1/2-1/2"]
[WhiteElo "2618"]
[BlackElo "2610"]
[PlyCount "42"]
[EventDate "2003.10.13"]

1. d4 d5 2. c4 dxc4 3. e3 Nf6 4. Bxc4 e6 5. Nf3 a6 6. O-O Nbd7 7. Qe2 b5 8. Bd3
c5 9. a4 c4 10. Bc2 Bb7 11. b3 cxb3 12. Bxb3 Be7 13. Nbd2 O-O 14. Bb2 bxa4 15.
Bxa4 Nb6 16. Bc2 Nbd5 17. Rfc1 Nb4 18. Bb3 a5 19. Ne5 Ba6 20. Ndc4 Bd6 21. Qd1
Bc7 1/2-1/2

[Event "ETCC Plovdiv 2003"]
[Site "Plovdiv"]
[Date "2003.10.13"]
[Round "3.7"]
[White "Sammalvuo, Tapani"]
[Black "Guseinov, Gadir"]
[Result "0-1"]
[WhiteElo "2447"]
[BlackElo "2557"]
[PlyCount "162"]
[EventDate "2003.10.13"]

1. Nf3 d6 2. c4 g6 3. g3 Bg7 4. Bg2 e5 5. Nc3 f5 6. d3 Nf6 7. O-O O-O 8. Rb1
Nh5 9. c5 f4 10. cxd6 cxd6 11. e3 Kh8 12. d4 Bf5 13. e4 Bd7 14. dxe5 dxe5 15.
Nd5 Nc6 16. b4 Bg4 17. h3 Bxf3 18. Bxf3 fxg3 19. Bxh5 gxf2+ 20. Kg2 gxh5 21.
Qxh5 Ne7 22. Nxe7 Qxe7 23. Rb2 Qc7 24. Bg5 Qc6 25. Qh4 Qg6 26. Kh2 h6 27. Be3
Rf3 28. Re2 Bf6 29. Qxh6+ Qxh6 30. Bxh6 Bh4 31. Be3 a6 32. Kg2 Rf6 33. Bxf2
Rg8+ 34. Kh2 Kh7 35. Rc2 Rg7 36. a4 Rf4 37. b5 Rgf7 38. Kg2 axb5 39. axb5 Kg6
40. Rd2 Kh5 41. Rc2 Rf3 42. b6 R3f6 43. Rb2 Rf4 44. Re2 Kg6 45. Rd2 R4f6 46.
Rc2 Kh5 47. Rb2 Rg6+ 48. Kh2 Rf3 49. Re2 Rf7 50. Rb2 Rf8 51. Re2 Rgf6 52. Kg2
Rf3 53. Rb2 R8f4 54. Re2 Rf7 55. Rb2 Bg3 56. Re2 Kh4 57. Be1 Rxf1 58. Bxg3+ Kh5
59. Bxe5 Rb1 60. Bc7 Rb3 61. e5 Rg7+ 62. Kf2 Rf7+ 63. Kg2 Rff3 64. Bd8 Rfd3 65.
Bc7 Rxh3 66. e6 Rbe3 67. Rd2 Rh4 68. Rd5+ Kg6 69. Rd6 Kf5 70. Bd8 Rg4+ 71. Kf2
Rxe6 72. Rd7 Rf4+ 73. Kg3 Rg6+ 74. Kh3 Rf3+ 75. Kh2 Rf2+ 76. Kh3 Rf3+ 77. Kh2
Kg4 78. Rxb7 Rf2+ 79. Kh1 Rd2 80. Bc7 Kh3 81. Bg3 Rd1+ 0-1

[Event "ETCC Plovdiv 2003"]
[Site "Plovdiv"]
[Date "2003.10.13"]
[Round "3.8"]
[White "Illescas Cordoba, Miguel"]
[Black "Vasilev, Milen"]
[Result "1/2-1/2"]
[WhiteElo "2602"]
[BlackElo "2451"]
[PlyCount "123"]
[EventDate "2003.10.13"]

1. c4 Nf6 2. Nc3 e6 3. e4 c5 4. e5 Ng8 5. Nf3 Nc6 6. d4 cxd4 7. Nxd4 Nxe5 8.
Ndb5 a6 9. Nd6+ Bxd6 10. Qxd6 f6 11. Be3 Ne7 12. Bb6 Nf5 13. Qc5 d6 14. Qa5 Qe7
15. f4 Nc6 16. Qa3 O-O 17. Bd3 Nh6 18. O-O Bd7 19. Rae1 Rac8 20. c5 d5 21. Nxd5
Qf7 22. Nc3 f5 23. Bc4 Rfe8 24. h3 Kh8 25. Rd1 Re7 26. b4 Qf6 27. Qb2 Nf7 28.
a3 h6 29. Rd3 g5 30. Qd2 Be8 31. g3 Kh7 32. Kh2 h5 33. fxg5 Qxg5 34. Qxg5 Nxg5
35. Re3 Bg6 36. Rd1 h4 37. Rd6 Ne5 38. Be2 hxg3+ 39. Rxg3 Ngf7 40. Rd4 Kg7 41.
h4 Kf6 42. Rf4 Rh8 43. Ne4+ Kg7 44. Nd6 Nh6 45. Rg5 Nhg4+ 46. Bxg4 Nxg4+ 47.
Rfxg4 fxg4 48. Kg3 Kh7 49. Kxg4 e5 50. Kf3 Rf8+ 51. Ke3 Kh6 52. Nc4 Rf4 53. Nd6
Rxh4 54. Rg3 Rh1 55. Bd8 Re6 56. Nxb7 Ra1 57. Bg5+ Kg7 58. Kf2 Ra2+ 59. Kg1
Ra1+ 60. Kf2 Ra2+ 61. Kg1 Ra1+ 62. Kf2 1/2-1/2

[Event "ETCC Plovdiv 2003"]
[Site "Plovdiv"]
[Date "2003.10.13"]
[Round "3.11"]
[White "Hracek, Zbynek"]
[Black "Kotronias, Vasilios"]
[Result "1/2-1/2"]
[WhiteElo "2578"]
[BlackElo "2626"]
[PlyCount "78"]
[EventDate "2003.10.13"]

1. e4 c5 2. Nf3 Nc6 3. d4 cxd4 4. Nxd4 Nf6 5. Nc3 d6 6. Bg5 e6 7. Qd2 Be7 8.
O-O-O O-O 9. f4 Nxd4 10. Qxd4 Qa5 11. Bc4 Bd7 12. e5 dxe5 13. fxe5 Bc6 14. Bd2
Nd7 15. Nd5 Qd8 16. Nxe7+ Qxe7 17. Rhe1 Rfd8 18. Qg4 Nf8 19. Bd3 Rd5 20. Bb4
Qd8 21. g3 Ng6 22. Bc3 Qc7 23. Qe2 Rc8 24. h4 b5 25. Bxg6 Rxd1+ 26. Qxd1 hxg6
27. Qd6 Qb6 28. Qd4 Qa6 29. Kb1 Bd5 30. b3 Qc6 31. Kb2 a5 32. Rc1 Qa6 33. a4 b4
34. Bd2 Qe2 35. Qe3 Qg2 36. Rg1 Qh2 37. Rd1 Qg2 38. Rg1 Qh2 39. Rd1 Qg2 1/2-1/2

[Event "ETCC Plovdiv 2003"]
[Site "Plovdiv"]
[Date "2003.10.13"]
[Round "3.11"]
[White "Papatryfonos, Constantinos"]
[Black "Stocek, Jiri"]
[Result "0-1"]
[WhiteElo "2111"]
[BlackElo "2545"]
[PlyCount "40"]
[EventDate "2003.10.13"]

1. d4 Nf6 2. Nf3 e6 3. Bf4 c5 4. e3 Qb6 5. Nc3 Nc6 6. Be2 Nh5 7. Bg5 h6 8. Bh4
g5 9. dxc5 Bxc5 10. Nd2 gxh4 11. Bxh5 Be7 12. O-O d5 13. Rb1 Bd7 14. e4 d4 15.
Ne2 Rg8 16. c3 Rg5 17. Nxd4 Nxd4 18. cxd4 Qxd4 19. Bf3 Rd8 20. Qe2 Bb5 0-1

[Event "ETCC Plovdiv 2003"]
[Site "Plovdiv"]
[Date "2003.10.13"]
[Round "3.1"]
[White "Beliavsky, Alexander"]
[Black "Svidler, Peter"]
[Result "1/2-1/2"]
[WhiteElo "2667"]
[BlackElo "2723"]
[PlyCount "48"]
[EventDate "2003.10.13"]

1. d4 Nf6 2. c4 g6 3. Nc3 d5 4. cxd5 Nxd5 5. e4 Nxc3 6. bxc3 Bg7 7. Bc4 c5 8.
Ne2 Nc6 9. Be3 O-O 10. O-O Bg4 11. f3 Na5 12. Bd5 Bd7 13. Rb1 Qc7 14. Bf4 Qc8
15. a4 Bc6 16. Bxc6 Qxc6 17. d5 Qd7 18. Qc2 e5 19. Bc1 c4 20. Be3 Rfe8 21. Rb5
b6 22. Rfb1 Bf8 23. Ng3 Rac8 24. Nf1 Bd6 1/2-1/2

[Event "ETCC Plovdiv 2003"]
[Site "Plovdiv"]
[Date "2003.10.13"]
[Round "3.2"]
[White "Sutovsky, Emil"]
[Black "Luther, Thomas"]
[Result "1/2-1/2"]
[WhiteElo "2646"]
[BlackElo "2580"]
[PlyCount "31"]
[EventDate "2003.10.13"]

1. e4 e6 2. d4 d5 3. Nd2 c5 4. Ngf3 Nc6 5. Bb5 dxe4 6. Nxe4 Bd7 7. dxc5 Qa5+ 8.
Nc3 Bxc5 9. O-O Nf6 10. Bg5 Rd8 11. Bxf6 gxf6 12. a3 Be7 13. Qd2 Ne5 14. Bxd7+
Rxd7 15. Qf4 Nxf3+ 16. Qxf3 1/2-1/2

[Event "ETCC Plovdiv 2003"]
[Site "Plovdiv"]
[Date "2003.10.13"]
[Round "3.4"]
[White "Macieja, Bartlomiej"]
[Black "Ponomariov, Ruslan"]
[Result "1/2-1/2"]
[WhiteElo "2635"]
[BlackElo "2718"]
[PlyCount "89"]
[EventDate "2003.10.13"]

1. e4 c5 2. Nc3 e6 3. Nf3 a6 4. d4 cxd4 5. Nxd4 d6 6. Bd3 Nf6 7. O-O b5 8. a4
b4 9. Na2 e5 10. Nf3 Nc6 11. Qe1 Qb6 12. Bg5 Be7 13. Nd2 Na5 14. Nc4 Nxc4 15.
Bxc4 Rb8 16. Bxf6 Bxf6 17. c3 bxc3 18. Nxc3 O-O 19. a5 Qb4 20. b3 Be6 21. Ra4
Qc5 22. Nd5 Bg5 23. Qe2 Kh8 24. Nb6 Bd8 25. Bxe6 Bxb6 26. axb6 fxe6 27. Rxa6
Rxb6 28. Rxb6 Qxb6 29. Qc4 Re8 30. Rd1 Rf8 31. Rd2 Qa5 32. Rxd6 Qe1+ 33. Qf1
Qxe4 34. g3 h6 35. Rxe6 Rd8 36. h4 Qf5 37. Re7 Qf6 38. Rc7 Qf3 39. Rc1 Qxb3 40.
Qe2 Qd5 41. Re1 Re8 42. Qe3 Kh7 43. Re2 Qd1+ 44. Kh2 Qd5 45. Kg1 1/2-1/2

[Event "ETCC Plovdiv 2003"]
[Site "Plovdiv"]
[Date "2003.10.13"]
[Round "3.4"]
[White "Efimenko, Zahar"]
[Black "Socko, Bartosz"]
[Result "0-1"]
[WhiteElo "2547"]
[BlackElo "2547"]
[PlyCount "106"]
[EventDate "2003.10.13"]

1. e4 e5 2. Nf3 Nc6 3. Bb5 a6 4. Ba4 Nf6 5. O-O Be7 6. Re1 b5 7. Bb3 d6 8. c3
O-O 9. h3 Nb8 10. d4 Nbd7 11. Nbd2 Bb7 12. Bc2 Re8 13. Nf1 Bf8 14. Ng3 g6 15.
b3 Bg7 16. d5 Nb6 17. Rb1 Rc8 18. Bd3 c6 19. c4 Nfd7 20. Bd2 Nc5 21. Ba5 Ba8
22. a4 Rb8 23. axb5 axb5 24. dxc6 bxc4 25. Bxc4 Bxc6 26. b4 Ne6 27. Bb3 Nf4 28.
Qc2 Bb5 29. Rbd1 Qe7 30. Re3 Rec8 31. Qd2 Rc6 32. Rc3 Rxc3 33. Qxc3 Rc8 34. Qd2
Rc6 35. Qa2 Bf6 36. Nd2 Bh4 37. Ndf1 h5 38. Bxb6 Rxb6 39. Bc4 Bxg3 40. fxg3 Ra6
41. Qb3 Qa7+ 42. Kh2 Ra3 43. Qc2 Ba4 44. Qd2 Bxd1 45. Qxd1 Rc3 46. Bb5 Ne6 47.
Qxd6 Qd4 48. Qd5 Nc7 49. Qxd4 exd4 50. Be2 d3 51. Bd1 Rc1 52. Ne3 Nb5 53. Bb3
d2 0-1

[Event "ETCC Plovdiv 2003"]
[Site "Plovdiv"]
[Date "2003.10.13"]
[Round "3.5"]
[White "Berkes, Ferenc"]
[Black "Jobava, Baadur"]
[Result "0-1"]
[WhiteElo "2616"]
[BlackElo "2605"]
[PlyCount "74"]
[EventDate "2003.10.13"]

1. d4 Nf6 2. c4 g6 3. Nc3 Bg7 4. e4 d6 5. Nf3 O-O 6. Be2 e5 7. Be3 Na6 8. d5
Ng4 9. Bg5 f6 10. Bh4 h5 11. Nd2 c5 12. a3 Qe8 13. h3 Nh6 14. g4 hxg4 15. hxg4
Nf7 16. Qb3 Qe7 17. Nd1 Bh6 18. Qh3 Kg7 19. Ne3 Rh8 20. Qg2 Bd7 21. O-O-O Nc7
22. Rdg1 Bf4 23. Kb1 Ng5 24. Bxg5 fxg5 25. Rxh8 Rxh8 26. Rh1 Rxh1+ 27. Qxh1
Bxe3 28. fxe3 Ne8 29. Nf1 Nf6 30. Nh2 Qd8 31. Bf3 Qh8 32. Qg1 Ba4 33. b4 b5 34.
Kb2 bxc4 35. Kc3 cxb4+ 36. axb4 a5 37. bxa5 Qb8 0-1

[Event "ETCC Plovdiv 2003"]
[Site "Plovdiv"]
[Date "2003.10.13"]
[Round "3.5"]
[White "Kacheishvili, Giorgi"]
[Black "Ruck, Robert"]
[Result "1-0"]
[WhiteElo "2593"]
[BlackElo "2551"]
[PlyCount "63"]
[EventDate "2003.10.13"]

1. d4 Nf6 2. c4 g6 3. Nc3 d5 4. Bg5 Ne4 5. Bh4 Nxc3 6. bxc3 c5 7. cxd5 Qxd5 8.
e3 Bg7 9. Nf3 cxd4 10. cxd4 Nc6 11. Be2 b6 12. O-O Bb7 13. Qb3 Qxb3 14. axb3 e6
15. Nd2 Kd7 16. Nc4 Rhc8 17. Bf3 b5 18. Ne5+ Bxe5 19. dxe5 a5 20. Rfd1+ Kc7 21.
Rac1 Kb8 22. Be2 a4 23. Bxb5 axb3 24. Rb1 Na5 25. f3 Bc6 26. Be2 Ba4 27. Rd4
Nc6 28. Re4 Rc7 29. Bd1 Rb7 30. Be1 Ra6 31. Bc3 Ka8 32. Kf2 1-0

[Event "ETCC Plovdiv 2003"]
[Site "Plovdiv"]
[Date "2003.10.13"]
[Round "3.7"]
[White "Ibrahimov, Rasul"]
[Black "Maki-Uuro, Miikka"]
[Result "1/2-1/2"]
[WhiteElo "2478"]
[BlackElo "2409"]
[PlyCount "101"]
[EventDate "2003.10.13"]

1. Nf3 Nf6 2. c4 e6 3. g3 d5 4. d4 Be7 5. Bg2 O-O 6. O-O dxc4 7. Ne5 Nc6 8.
Bxc6 bxc6 9. Nxc6 Qe8 10. Nxe7+ Qxe7 11. Qa4 c5 12. Qxc4 cxd4 13. Qxd4 e5 14.
Qh4 Rb8 15. Nc3 Qe6 16. e4 Ba6 17. Re1 Rfc8 18. Qg5 Rb4 19. f3 h6 20. Qd2 Rd4
21. Qf2 Rcd8 22. Be3 Rd3 23. Na4 Qc6 24. Nc5 R3d6 25. Rac1 Qb5 26. Nxa6 Qxa6
27. b3 Nh7 28. Rc7 Qa5 29. Rxa7 Qc3 30. Ra4 Rd1 31. Rxd1 Rxd1+ 32. Kg2 Ng5 33.
Rc4 Qd3 34. Rc2 Qd7 35. Bxg5 hxg5 36. g4 Qd3 37. Re2 Qb1 38. Rd2 Rh1 39. Rb2
Qc1 40. b4 Rg1+ 41. Qxg1 Qxb2+ 42. Qf2 Qxb4 43. Qc2 Qa3 44. h3 Kh7 45. Kf2 f6
46. Ke2 Qa6+ 47. Ke1 Qa5+ 48. Kd1 Qb5 49. Ke1 Qb4+ 50. Ke2 Qb5+ 51. Kf2 1/2-1/2

[Event "ETCC Plovdiv 2003"]
[Site "Plovdiv"]
[Date "2003.10.13"]
[Round "3.8"]
[White "Shirov, Alexei"]
[Black "Genov, Petar"]
[Result "1-0"]
[WhiteElo "2737"]
[BlackElo "2494"]
[PlyCount "89"]
[EventDate "2003.10.13"]

1. e4 c6 2. d4 d5 3. e5 Bf5 4. Be3 Qb6 5. Qc1 e6 6. c4 Ne7 7. c5 Qc7 8. Nc3 Nd7
9. Be2 f6 10. f4 Be4 11. exf6 Nxf6 12. Nf3 Nf5 13. O-O Ng4 14. Bd2 Bxf3 15.
Bxf3 h5 16. Ne2 g6 17. Qc2 Bg7 18. Qd3 O-O 19. Rae1 Nf6 20. g3 Rfe8 21. b4 b6
22. Nc1 Ne4 23. Nb3 bxc5 24. dxc5 Nxd2 25. Qxd2 Rad8 26. Na5 Nd4 27. Bg2 Kh7
28. Qd3 e5 29. f5 e4 30. fxg6+ Kxg6 31. Qd1 Rf8 32. Rxe4 Rxf1+ 33. Qxf1 dxe4
34. Bxe4+ Kg5 35. Nxc6 Rf8 36. Qc1+ Kf6 37. Nxd4 Qe5 38. Qf1+ Kg5 39. Nf3+ Rxf3
40. Bxf3 Qe3+ 41. Qf2 Qc3 42. Kg2 Bd4 43. Qe2 h4 44. Qe7+ Bf6 45. gxh4+ 1-0

[Event "ETCC Plovdiv 2003"]
[Site "Plovdiv"]
[Date "2003.10.13"]
[Round "3.9"]
[White "Lautier, Joel"]
[Black "Kveinys, Aloyzas"]
[Result "1-0"]
[WhiteElo "2666"]
[BlackElo "2495"]
[PlyCount "78"]
[EventDate "2003.10.13"]

1. d4 Nf6 2. c4 e6 3. Nc3 d5 4. cxd5 Nxd5 5. e4 Nxc3 6. bxc3 c5 7. Nf3 cxd4 8.
cxd4 Bb4+ 9. Bd2 Bxd2+ 10. Qxd2 O-O 11. Bc4 Nd7 12. O-O b6 13. Rad1 Bb7 14.
Rfe1 Rc8 15. Bb3 Qf6 16. h3 h6 17. Qe3 Qe7 18. Nh2 b5 19. d5 Nc5 20. d6 Qd7 21.
e5 Qc6 22. Nf3 Qb6 23. d7 Rc6 24. Nd4 Nxd7 25. Nxc6 Qxc6 26. f3 Nb6 27. Rd6 Qc7
28. Rc1 Qe7 29. Rc5 Nd5 30. Bxd5 Bxd5 31. Rxb5 Qh4 32. a3 Rc8 33. Kh2 Qh5 34.
Rb4 Qf5 35. Qf4 Qg6 36. Qg3 Qf5 37. Rd7 g5 38. h4 Kg7 39. Rg4 Kg6 1-0